Terč: Učiteľ 1. stupňa ZŠ?

Bibliographic Details
Main Author: Fričová, Irena (Author)
Format: Article
Language:Slovak
Subjects:

MARC

LEADER 00000nab a2200000 a 4500
001 vtls000408890
003 SK-MaSNL
005 20260302234634.0
008 140301c1991 xo 0 slo
015 |a SNBRB19rr/mm-uuuuu 
035 |a CL0409014 
040 |a SNKBUCL  |b slo  |c SNKBUCL  |e AACR2 
041 0 |a slo 
044 |a xo  |c SK 
080 |a 371.124:373.3  |2 1981 
080 |a 373.3  |2 1981 
100 1 |a Fričová, Irena  |4 aut  |9 970138 
245 1 0 |a Terč: Učiteľ 1. stupňa ZŠ?  |c Irena Fričová 
650 0 7 |a učitelia  |2 snkbucl  |9 3995 
650 0 7 |a školy základné  |2 snkbucl  |9 390867 
655 7 |a články z novín a časopisov  |2 snkbucl  |9 267496 
773 0 |t Učiteľské noviny  |g Roč. 41, č. 1 (1991), s. 4 
850 |a Slovenská národná knižnica v Martine  |a MTA001 
852 |a SNK  |b KIS3GCP 
958 |a RK 
992 |a RBX 
999 |c 1551521  |d 1553451